Priority slovenského predsedníctva v Stratégii EÚ pre Dunajský región (EUSDR) za prioritnú oblasť 4 "Obnoviť a udržať kvalitu vôd"

Stratégia EÚ pre Dunajský región, jej ciele. 1. pilier - prepojenie Podunajskej oblasti, 2. pilier - ochrana životného prostredia v Podunajskej oblasti, 3. pilier - rozvíjanie prosperity v Podunajskej oblasti, 4. pilier - posilnenie Podunajskej oblasti. Prehľad 11 prioritných oblastí.

Guardado en:
Detalles Bibliográficos
Autor principal: Novák, Vladimír
Otros Autores: Vranovská, Andrea
Formato: Capítulo de libro
Lenguaje:eslovaco
Materias:
Etiquetas: Agregar Etiqueta
Sin Etiquetas, Sea el primero en etiquetar este registro!

MARC

LEADER 00000naa a2200000 4500
001 0211898
005 20160203105733.2
041 0 |a slo 
044 |a SK 
245 1 0 |a Priority slovenského predsedníctva v Stratégii EÚ pre Dunajský región (EUSDR) za prioritnú oblasť 4 "Obnoviť a udržať kvalitu vôd"  |c Vladimír Novák, Andrea Vranovská 
520 |a Stratégia EÚ pre Dunajský región, jej ciele. 1. pilier - prepojenie Podunajskej oblasti, 2. pilier - ochrana životného prostredia v Podunajskej oblasti, 3. pilier - rozvíjanie prosperity v Podunajskej oblasti, 4. pilier - posilnenie Podunajskej oblasti. Prehľad 11 prioritných oblastí. 
610 2 0 |a rieky 
610 2 0 |a rieky medzinárodné 
610 2 0 |a kvalita vody 
610 2 0 |a Slovensko 
100 1 |a Novák, Vladimír 
700 1 |a Vranovská, Andrea